|
|
|
|
| LEADER |
01949nam a2200481 i 4500 |
| 001 |
EBC4856141 |
| 003 |
MiAaPQ |
| 005 |
20200520144314.0 |
| 006 |
m o d | |
| 007 |
cr cnu|||||||| |
| 008 |
170528t20172017nju ob 001 0 eng d |
| 020 |
|
|
|z 9781119397809
|
| 020 |
|
|
|a 9781119402459
|q (electronic bk.)
|
| 035 |
|
|
|a (MiAaPQ)EBC4856141
|
| 035 |
|
|
|a (Au-PeEL)EBL4856141
|
| 035 |
|
|
|a (CaPaEBR)ebr11382766
|
| 035 |
|
|
|a (CaONFJC)MIL1009584
|
| 035 |
|
|
|a (OCoLC)983786794
|
| 040 |
|
|
|a MiAaPQ
|b eng
|e rda
|e pn
|c MiAaPQ
|d MiAaPQ
|
| 050 |
|
4 |
|a HG4529.5
|b .K565 2017
|
| 082 |
0 |
|
|a 332.6
|2 23
|
| 100 |
1 |
|
|a Kinlaw, William,
|e author.
|
| 245 |
1 |
2 |
|a A practitioner's guide to asset allocation /
|c William Kinlaw, Mark Kritzman, David Turkington ; foreword by Harry M. Markowitz.
|
| 264 |
|
1 |
|a Hoboken, New Jersey :
|b Wiley,
|c 2017.
|
| 264 |
|
4 |
|c 2017
|
| 300 |
|
|
|a 1 online resource (242 pages).
|
| 336 |
|
|
|a text
|2 rdacontent
|
| 337 |
|
|
|a computer
|2 rdamedia
|
| 338 |
|
|
|a online resource
|2 rdacarrier
|
| 490 |
1 |
|
|a Wiley Finance Series
|
| 504 |
|
|
|a Includes bibliographical references and index.
|
| 588 |
|
|
|a Description based on print version record.
|
| 590 |
|
|
|a Electronic reproduction. Ann Arbor, MI : ProQuest, 2016. Available via World Wide Web. Access may be limited to ProQuest affiliated libraries.
|
| 650 |
|
0 |
|a Asset allocation.
|
| 650 |
|
0 |
|a Portfolio management.
|
| 655 |
|
4 |
|a Electronic books.
|
| 700 |
1 |
|
|a Kritzman, Mark,
|e author.
|
| 700 |
1 |
|
|a Turkington, David,
|e author.
|
| 700 |
1 |
|
|a Markowitz, H.
|q (Harry),
|d 1927-
|e writer of foreword.
|
| 776 |
0 |
8 |
|i Print version:
|a Kinlaw, William.
|t Practitioner's guide to asset allocation.
|d Hoboken, New Jersey : Wiley, c2017
|h xiv, 242 pages
|k Wiley finance series.
|z 9781119397809
|w 2017003587
|
| 797 |
2 |
|
|a ProQuest (Firm)
|
| 830 |
|
0 |
|a Wiley finance series.
|
| 856 |
4 |
0 |
|u https://ebookcentral.proquest.com/lib/matrademy/detail.action?docID=4856141
|z Click to View
|